| 000 | 01864nam a2200253Ia 4500 | ||
|---|---|---|---|
| 003 | Ost | ||
| 005 | 20260507075557.0 | ||
| 008 | 260507s9999||||xx |||||||||||||| ||und|| | ||
| 020 | _a9957180827 | ||
| 040 | _cfsecg | ||
| 041 | _aara | ||
| 082 | _a330 | ||
| 100 |
_aالصميدعي، محمود جاسم _eمؤلف |
||
| 245 | 0 |
_aادارة التسويق : _bالتحليل -التخطيط -الرقابة / _c محمود جاسم الصميدعي |
|
| 260 |
_aعمان: _bدار المناهج للنشر والتوزيع, _c2006 |
||
| 300 |
_a360 صفحة؛ _bإيضاحات ؛ _c24 سم |
||
| 504 | _aمراجع ص.357 | ||
| 520 | _aالتسويق (المفهوم , التطور , الابعاد) اضافة الى ادارة و تخطيط عملية التسويق و البيئة التسويقسة و نظام معلومات التسويق و بحوث التسويق, تحديد السوق المستهدف و شرائح المستهلكين و كذا تحليل أسواق المستهلكين و سلوك المستهلك العادي , تحليل اسواق الاعمال و سلوك المشتري الصناعي, تحليل المنافسين, التنبؤ و قياس حجم الطلب في السوق, تخطيط و تطوير المنتجات الجديدة, ادارة المنتجات ودورة حياة المنتج, التسعير , اختيار و ادارة قنوات التوزيع, ادارة البيع بالتجزئة و الجملة و نظام التوزيع المادي, الترويج و الاعلان, ادارة و تنظيم العملية البيعية و اخيرا الرقابة التسويقية. | ||
| 653 | _aادارة التسويق | ||
| 653 | _aادارة المبيعات | ||
| 653 | _aالتسويق | ||
| 700 |
_aالساعد، رشاد محمد يوسف _eمؤلف ثانوي |
||
| 942 | _cكتاب | ||
| 999 |
_c44973 _d44973 |
||